| 000 | 00477nam a22001577a 4500 | ||
|---|---|---|---|
| 008 | 230615b |||||||| |||| 00| 0 eng d | ||
| 040 |
_aNational Science Library _cNational Science Library |
||
| 080 |
_a621.39:621(082.2) _bN9 |
||
| 245 | _aCommunication cables and related technologies EC'99 | ||
| 260 |
_aAmsterdam: _bIOS Press, _c1999 |
||
| 300 | _aviii, 354p. | ||
| 650 | _aCommunication | ||
| 653 | _aTechnologies | ||
| 700 | _aHarmer, A L (Ed.) | ||
| 942 |
_2udc _cBK |
||
| 999 |
_c43885 _d43885 |
||